000 00629nam a22001457a 4500
003 MACL
005 20200312163726.0
008 200312b xxu||||| |||| 00| 0 eng d
040 _cMACL
100 _aगुप्‍ता,संजय
_978630
245 _aमध्‍य प्रदेश लोक सेवा आयोग मुख्‍य परीक्षा दर्पण विज्ञान प्रश्‍न पत्र -3
260 _aग्‍वालियर
_bश्री अचलेश्‍वर बुक स्‍टोर
_c2020
650 _aविज्ञान
_978633
942 _2ddc
_cHIN
999 _c62393
_d62393